[Event "Serpiano op"]
[Site "Serpiano"]
[Date "2023.04.01"]
[Round "3"]
[White "Paleologu, Vladimir"]
[Black "Sosa Nesper, Marcos Ivan"]
[Result "1-0"]
[WhiteElo "2019"]
[BlackElo "1500"]
[PlyCount "51"]
[EventDate "2023.03.31"]
[EventType "swiss"]
[EventRounds "5"]
[EventCountry "SUI"]
[SourceTitle "CBM 213 Extra"]
[Source "ChessBase"]
[SourceDate "2023.05.31"]
[SourceVersion "1"]
[SourceVersionDate "2023.05.31"]
[SourceQuality "1"]

1. e4 c5 2. Nf3 Nc6 3. d4 cxd4 4. Nxd4 d6 5. Nc3 Nf6 6. Bc4 a6 7. Bb3 g6 8. f3 Bg7 9. Be3 0-0 10. Qd2 Bd7 11. 0-0-0 Na5 12. Bh6 Nxb3+ 13. Nxb3 b5 14. h4 b4 15. Nd5 Nxd5 16. exd5 Rc8 17. Bxg7 Kxg7 18. h5 Bf5 19. Nd4 Qd7 20. g4 Bxc2 21. Nxc2 Qa4 22. Kb1 f6 23. hxg6 hxg6 24. Nd4 Rh8 25. Qe3 Kf7 26. Qe6+ 1-0

[Event "San Bernardino op"]
[Site "San Bernardino"]
[Date "2022.02.05"]
[Round "3"]
[White "Strupat, Thomas"]
[Black "Sosa Nesper, Marcos Ivan"]
[Result "0-1"]
[WhiteElo "1427"]
[BlackElo "1472"]
[PlyCount "82"]
[EventDate "2022.02.04"]
[EventType "swiss"]
[EventRounds "5"]
[EventCountry "SUI"]
[SourceTitle "EXT 2023"]
[Source "ChessBase"]
[SourceDate "2022.10.05"]
[SourceVersion "1"]
[SourceVersionDate "2022.10.05"]
[SourceQuality "1"]

1. e4 c5 2. Nf3 Nc6 3. Bb5 a6 4. Be2 g6 5. c3 Bg7 6. 0-0 Nf6 7. d3 d6 8. h3 0-0 9. Be3 e6 10. Nbd2 Nd7 11. Re1 d5 12. exd5 exd5 13. Nb3 b6 14. Qd2 Ne7 15. Rad1 Re8 16. Bf4 Bb7 17. d4 c4 18. Nc1 Nf5 19. Bf1 Nf6 20. Bg5 Qc8 21. Rxe8+ Qxe8 22. Re1 Qf8 23. Ne5 Ne4 24. Qf4 f6 25. Nd7 fxg5 26. Qc7 Qc8 27. Qxc8+ Rxc8 28. Nxb6 Rc7 29. Be2 h5 30. g3 Rf7 31. Kg2 Bh6 32. Bf3 g4 33. Bxe4 dxe4 34. Kh2 Nd6 35. Kg1 Rf6 36. hxg4 e3 37. fxe3 Bxe3+ 38. Kh2 hxg4 39. Nd7 Rf2+ 40. Kg1 Rf3+ 41. Kh1 Rf1+ 0-1

[Event "San Bernardino op"]
[Site "San Bernardino"]
[Date "2022.02.04"]
[Round "1"]
[White "Boschetti, Claudio"]
[Black "Sosa Nesper, Marcos Ivan"]
[Result "1-0"]
[WhiteElo "2018"]
[BlackElo "1472"]
[PlyCount "35"]
[EventDate "2022.02.04"]
[EventType "swiss"]
[EventRounds "5"]
[EventCountry "SUI"]
[SourceTitle "EXT 2023"]
[Source "ChessBase"]
[SourceDate "2022.10.05"]
[SourceVersion "1"]
[SourceVersionDate "2022.10.05"]
[SourceQuality "1"]

1. e4 c5 2. Nf3 Nc6 3. d4 cxd4 4. c3 d3 5. c4 g6 6. Bxd3 Bg7 7. Nc3 d6 8. h3 Nb4 9. 0-0 Nxd3 10. Qxd3 a6 11. Be3 Nf6 12. c5 0-0 13. cxd6 Qxd6 14. Qxd6 exd6 15. Rad1 Re8 16. Rxd6 Nxe4 17. Nxe4 Rxe4 18. Rd8+ 1-0